| 000 | 00325 a2200145 4500 | ||
|---|---|---|---|
| 001 | 63873 | ||
| 020 | _a9788126139903 | ||
| 082 | _a189 BAC | ||
| 090 |
_c37783 _d37783 |
||
| 100 | _aBacon,Francis | ||
| 245 | _aBacon's Essays | ||
| 260 |
_aNew Delhi _bAnmol Publications _c2009 |
||
| 300 | _a234 | ||
| 600 | _aAditya Nandwani | ||
| 942 |
_acaenust _k189 BAC |
||
| 999 |
_c298946 _d298946 |
||